Every 5,000+ City in North Macedonia - Statistics

General Stats
  • This quiz has been taken 40 times
  • The average score is 15 of 30
Answers on the Map
Answers color-coded by a green-red scale on the quiz's map according to % correct below.
 
Answer Stats
Hint Answer % Correct
422,540 Skopje
96%
69,287 Bitola
88%
38,818 ohrid
88%
63,176 Tetovo
79%
42,000 Veles
79%
75,051 Kumanovo
71%
63,308 Prilep
71%
40,664 Štip
71%
11,735 Debar
67%
15,009 Struga
63%
32,231 Strumica
63%
32,814 Gostivar
58%
7,904 Resen
58%
29,058 Kavadarci
54%
23,429 Kičevo
54%
15,156 Gevgelija
50%
13,481 Kriva Palanka
50%
10,751 Negotino
50%
9,503 Delčevo
46%
5,850 Berovo
33%
24,632 Kočani
29%
5,401 Kratovo
29%
9,760 Probištip
29%
14,744 Radoviš
29%
8,584 Vinica
25%
11,123 Sveti Nikole
21%
5,023 Bogovinje
17%
7,991 Aračinovo
13%
19,246 Dračevo
8%
8,004 Studeničani
8%
No matching quizzes found
Score Distribution
Percent of People with Each Score
Percentile by Number Answered
Your Score History
You have not taken this quiz